000 nkm a22 a 4500
999 _c208245
_d208245
003 BLK
005 20210810171055.0
008 180412b bul rap|r|||| r0| ||bulo|
010 _aKNG00010743000
020 _a954-446-109-4
040 _aBLK
041 _aBUL
_cBUL
080 _aФренска литература
_b821.133.1
_x-93-32
_z821.133.1-93-32
080 _aФренска литература
_b821.133.1
_x(084)
_z821.133.1(084)
080 _aКарикатура. Комикс
_b741.5
_z741.5
139 _aЮдерзо
_bЮ 14
245 1 0 _aГолямото плаване или Астерикс и индианците
_bРазказ в карт.
_cрис. Юдерзо; текст Рьоне Госини; прев. от фр. Венелин Йовков Пройков.
257 _aFRA
260 _bЕгмонт България
_c1995
_aСофия
300 _a48 с.
_bс цв. ил.
_c30 см
380 _aDX
490 _aПриключенията на Астерикс
_v№ 6
_9207076
500 _aБез сведение за ориг. загл. - 5 000 тир.
653 _aкомикси
653 _aдетска литература
700 1 _aЮдерзо
_eрис.
_9144879
700 1 _aГосини, Рьоне
_eтекст
_955312
700 1 _aПройков, Венелин Йовков
_eпрев. от фр.
_9379987
852 _aЦб ІІ 326948
856 4 _qpdf
_u
856 4 _qpdf
_u
942 _cGRA
_n0
_09
_s1
944 _aCR
_c15.01.2003
_kAB_DOS
944 _aED
_c07.10.2015
_kГеновева_Генчева
999 _d208245